Highest Rated Nirvana Songs - Statistics

General Stats
  • This quiz has been taken 37 times
  • The average score is 14 of 20
Answer Stats
Album Answer % Correct
96.4 Nevermind Smells Like Teen Spirit
100%
97.2 In Utero Heart-Shaped Box
93%
97.2 MTV Unplugged In New York The Man Who Sold The World
89%
90.7 Bleach About A Girl
82%
95.6 Nevermind Come As You Are
82%
93.8 In Utero Dumb
82%
94.3 Nevermind In Bloom
82%
94.3 Nevermind Lithium
82%
93.7 In Utero Rape Me
82%
96.5 In Utero All Apologies
79%
94.1 Nevermind Something In The Way
71%
97.2 MTV Unplugged In New York Where Did You Sleep Last Night?
71%
92.0 Nevermind Breed
61%
92.9 In Utero Serve The Servants
57%
91.8 Nevermind Drain You
54%
91.3 MTV Unplugged In New York Lake Of Fire
54%
92.8 In Utero Pennyroyal Tea
46%
94.2 Incesticide Aneurysm
43%
91.0 In Utero Frances Farmer Will Have Her Revenge On Seattle
43%
95.3 Nirvana You Know You're Right
43%
No matching quizzes found
Score Distribution
Percent of People with Each Score
Percentile by Number Answered
Your Score History
You have not taken this quiz